| 000 | 00562nam a2200181Ia 4500 | ||
|---|---|---|---|
| 003 | GCL | ||
| 008 | 140319s9999 xx 000 0 ara d | ||
| 040 |
_aGCL / _cGCL |
||
| 082 | 0 | 4 |
_aد _b050 _bم ك |
| 100 | 1 | _aالمؤسسة المصرية العامة | |
| 245 | 1 | 0 |
_aالكاتب / _cالمؤسسة المصرية العامة |
| 300 | _a125 ص | ||
| 650 | 0 | 4 | _aالتنمية الاقتصادية |
| 650 | 0 | 4 | _aالوحدة العربية |
| 650 | 0 | 4 | _aالوحدة السياسية |
| 650 | 0 | 4 | _aالعالم العربى - تاريخ |
| 942 |
_2ddc _cBK |
||
| 999 |
_c27425 _d27425 |
||